00510nam a2200193 a 4500001001300000003000900013005001700022008004100039020001000080082001600090100003300106245001600139260005400155300000800209500003500217505001000252650002100262700003300283nice12345678IN_TiNIC20260116012445.0050524s1956 hyda grp 000 0 urd  ac10000a297.42bHAS aHasrat, Mohd Abdul Qadeer Si aSilaa-E-Aam aHyderabad bMarkazi Anjuman Taleemus Salat c1956 a14p aincludes index and biblioraphy2 aIndex aSufism-Doctrines1 aHasrat, Mohd Abdul Qadeer Si